000
00325nam a2200121Ia 4500
008
191201s2018 xx 000 0 und d
100
_a
MURUGESH, N
245
0
_a
Anatomy Physiology and Health education
260
_b
Sathya Pub
_a
New Delhi
_c
2018
300
_a
284
650
_a
Human Anatomy & Physiology
942
_2
ddc
_c
BK
_0
17
999
_c
8239
_d
8239